كتاب معالم القربة في أحكام الحسبة / (Record no. 7377)
[ view plain ]
| 000 -الفاتح | |
|---|---|
| حقل البيانات ثابتة الطول | 01163nac a22002171u 4500 |
| 008 - عناصر البيانات ثابتة الطول - معلومات عامة | |
| حقل البيانات ثابتة الطول | 101027s1976 xxu||||| |||| 00| 0 ara d |
| 020 ## - الرقم الدولى المعيارى للكتب | |
| الرقم الدولى المعيارى للكتاب | 977201159 |
| 082 ## - رقم تصنيف ديوى العشرى | |
| رقم التصنيف | 257.2 |
| رقم المادة | ق ر ش |
| 100 1# - المدخل الرئيسى - إسم شخصى | |
| الإسم الشخصى | القرشى ، محمد بن محمد بن أحمد |
| 9 (RLIN) | 20653 |
| 245 ## - بيان العنوان | |
| العنوان | كتاب معالم القربة في أحكام الحسبة / |
| بيان المسئوليه,etc | محمد بن محمد بن أحمد القرشى ؛ تحقيق محمد محمود شعبان ، صديق أحمد عيسى المطيعى |
| 260 ## - PUBLICATION, DISTRIBUTION, ETC. (IMPRINT) | |
| مكان الناشر او الموزع | القاهرة : |
| اسم الناشر او الموزع | الهيئة المصرية العامة للكتاب ،1976 |
| تاريخ النشر أو التوزيع | 1976. |
| 300 ## - الوصف المادى | |
| التعداد | 413 ص : |
| تفاصيل ماديه اخرى للوعاء | ايض ؛ |
| أبعاد الوعاء | 24 سم. |
| 504 ## - تبصرة ببليوجرافية | |
| تبصرة ببليوجرافية,الخ | يشتمل على ببليوجرافية ص 352-358 وكشافات |
| 511 ## - | |
| -- | Catalogued by: Sara |
| 650 ## - المدخل الاضافى بالموضوع-مصطلح موضوعى | |
| مصطلح موضوعي أو اسم جغرافي كعنصر مدخل | الفقه الإسلامى |
| 9 (RLIN) | 13723 |
| 650 ## - المدخل الاضافى بالموضوع-مصطلح موضوعى | |
| مصطلح موضوعي أو اسم جغرافي كعنصر مدخل | الحسبة |
| 9 (RLIN) | 20654 |
| 700 ## - المدخل الاضافى - اسم شخصى | |
| الإسم الشخصى | شعبان ، محمد محمود |
| 9 (RLIN) | 20655 |
| 700 ## - المدخل الاضافى - اسم شخصى | |
| الإسم الشخصى | المطيعى ، صديق أحمد عيسى |
| 9 (RLIN) | 20656 |
| 942 ## - عناصر المدخل الإضافي( كوها) | |
| Koha [default] item type | Book - Borrowing |
| سابقة رقم الطلب | 257.2 ق ر ش |
| مصدر التصنيف او مخطط الترفيف | Dewey Decimal Classification |
| حالة التراجع | حالة الفقد | مصدر التصنيف او خطة الترفيف | حالة تلف | ليس للاعارة | مجموعات كوها | المكان الدائم | المكان الحالي | موقع الترفيف | تاريخ الاكتساب | Source of acquisition | رقم الاستدعاء | الباركود | Date last seen | نوع الوعاء |
|---|---|---|---|---|---|---|---|---|---|---|---|---|---|---|
| Dewey Decimal Classification | Alef-Baa | Central Library | Central Library | Lower Floor | 23/01/2008 | 257.2 ق ر ش | 000008856 | 15/07/2025 | Book - Borrowing |